000 00735 a2200217 4500
999 _c11074
_d11074
020 _a9781455706617
050 _aWY160
_bVAR 2013
100 _aVarcarolis,Elizabeth M
_eauthor
245 _aEssentials of psychiatric mental health nursing
_ba communication approach to evidence-based care /
_cElizabeth M. Varcarolis
250 _asecond edition
264 _a St. Louis, Missouri,
_b Elsevier,
_cc.2013
300 _a577 pages
_billustrations
336 _2rdacontent
_atext
_btxt
337 _2rdamedia
_aunmediated
_bnc
338 _2rdacarrier
_avolume
_bnc
500 _aincludes index
650 _aEvidence based nursing
650 _ahealth and wellbeing
650 _ahealth and fitness
942 _2lcc
_cBK
_h160
_iVAR
_kWY